|
|
|
|
| LEADER |
00000nab a2200000 a 4500 |
| 001 |
vtls000627968 |
| 003 |
SK-MaSNL |
| 005 |
20260304100603.0 |
| 008 |
250425c1997 xo 0 slo |
| 015 |
|
|
|a SNBRB19rr/mm-uuuuu
|
| 035 |
|
|
|a CL0628107
|
| 035 |
|
|
|a urn:nbn:sk:snk-abgo0
|
| 035 |
|
|
|a (urnnbn)urn:nbn:sk:snk:ar-002n6q
|
| 035 |
|
|
|a (uuid)28049ac2-417f-4f28-ae2f-92c72d48eb6d
|
| 040 |
|
|
|a SNKBUCL
|b slo
|c SNKBUCL
|e AACR2
|
| 041 |
0 |
|
|a hun
|
| 044 |
|
|
|a xo
|c SK
|
| 080 |
|
|
|a 894.511-3=945.11
|2 1981
|
| 100 |
1 |
|
|a Pollágh, Péter,
|d 1979-
|4 aut
|9 897691
|
| 245 |
1 |
0 |
|a Guruk a hamu mögött. Részegen még ölelek
|c Péter Pollágh ; Illusztr. Beáta Nagy
|
| 300 |
|
|
|b Obr. 1
|
| 650 |
0 |
7 |
|a prózy experimentálne
|2 snkbucl
|9 944277
|
| 655 |
|
7 |
|a články z novín a časopisov
|2 snkbucl
|9 267496
|
| 700 |
1 |
|
|a Nagy, Beáta
|4 ill
|9 461741
|
| 773 |
0 |
|
|t Kalligram
|g Č. 6 (1997), s. 47-48
|
| 850 |
|
|
|a Slovenská národná knižnica
|
| 852 |
|
|
|a Slovenská národná knižnica
|
| 958 |
|
|
|a article27
|
| 958 |
|
|
|a OND
|
| 958 |
|
|
|a HU
|
| 958 |
|
|
|a LX
|
| 958 |
|
|
|a NX
|
| 958 |
|
|
|a RK
|
| 992 |
|
|
|a RBX
|
| 999 |
|
|
|c 2838708
|d 2840638
|